[Event "Niedersachsen-chT U16"]
[Site "Rotenburg"]
[Date "2000.06.16"]
[Round "1.4"]
[White "Lambertus, Ruben"]
[Black "Brinkmann, Matthias"]
[Result "1/2-1/2"]
[WhiteElo "1218"]
[BlackElo "1042"]
[PlyCount "83"]
[EventDate "2000.06.16"]
[EventType "team-tourn"]
[EventRounds "7"]
[EventCountry "GER"]
[SourceTitle "EXT 2003"]
[Source "ChessBase"]
[SourceDate "2002.11.25"]
[SourceVersion "1"]
[SourceVersionDate "2002.11.25"]
[SourceQuality "1"]

1. e4 c5 2. Nf3 Nc6 3. d4 cxd4 4. Nxd4 Nf6 5. Nc3 a6 6. Be2 d6 7. 0-0 e6 8. Bg5 Be7 9. Qd2 0-0 10. Rad1 Qc7 11. Nxc6 Qxc6 12. Bxf6 gxf6 13. Bd3 b5 14. a3 Bb7 15. Rfe1 Kh8 16. f3 Rg8 17. Re2 Bd8 18. Kh1 Bc7 19. Qf4 Rg6 20. Qh4 Bd8 21. Qf2 Rg7 22. Red2 Be7 23. Ne2 Qd7 24. c4 bxc4 25. Bxc4 Bc6 26. Nd4 Rgg8 27. Nxc6 Qxc6 28. Rc2 Qb7 29. Rdc1 Rgc8 30. Qe2 Rc6 31. Bd3 Rxc2 32. Rxc2 a5 33. Qd2 Bd8 34. h3 Rc8 35. Rxc8 Qxc8 36. Qc2 Qb7 37. Qc3 Kg7 38. Qc2 Bc7 39. Qf2 Kf8 40. Qd4 Ke7 41. Qc3 Qb6 42. b4 1/2-1/2